| 000 | ncm a22 a 4500 | ||
|---|---|---|---|
| 999 |
_c350471 _d350471 |
||
| 003 | BLK | ||
| 005 | 20201007040700.0 | ||
| 008 | 200401b bu ||||| |||| 00| 0 bu d | ||
| 040 | _aBLK | ||
| 041 |
_aBUL _cBUL |
||
| 080 |
_aТромбон _b788.2 _z788.2 |
||
| 100 |
_aГалиард, Йохан Ернст _eпърви автор _91299 |
||
| 139 |
_aГалиард, Йохан Ернст _bГ 18 |
||
| 245 |
_aСонати за цугтромбон и пиано _bНотирана музика _cЙохан Ернст Галиард |
||
| 260 |
_9209430 _aСофия _bМузика _c1979 |
||
| 300 |
_a1 партитура (52 с.) _c34 см _e1 щим (20 с.) |
||
| 380 | _a7 | ||
| 500 | _aСъдържа: Сонати No 1 - No 6 | ||
| 650 | 7 |
_9174034 _aТромбон |
|
| 653 | 0 |
_9403233 _aцугтромбони |
|
| 653 | 7 |
_9196918 _aсонати |
|
| 852 |
_aЦб М ІІ 7532 _bЦб |
||
| 942 |
_cNOT _n0 _s1 |
||
| 944 |
_aCR _c2020-04-01 _l2020-04-01 |
||
| 944 |
_aED _c2020-05-22 _kГГГ |
||
| 999 | _d350471 | ||
| 999 | _d350471 | ||
| 999 | _d350471 | ||
| 999 | _d350468 | ||
| 999 | _d350466 | ||
| 999 | _d350464 | ||
| 999 | _d350460 | ||
| 999 | _d350459 | ||
| 999 | _d350458 | ||
| 999 | _d350448 | ||
| 999 | _d350445 | ||
| 999 | _d350443 | ||
| 999 | _d350441 | ||
| 999 | _d350439 | ||
| 999 | _d350437 | ||
| 999 | _d350432 | ||
| 999 | _d350431 | ||
| 999 | _d350427 | ||
| 999 | _d350423 | ||
| 999 | _d350421 | ||
| 999 | _d350417 | ||
| 999 | _d350413 | ||
| 999 | _d350410 | ||
| 999 | _d350406 | ||
| 999 | _d350404 | ||
| 999 | _d350402 | ||
| 999 | _d350399 | ||
| 999 | _d350397 | ||
| 999 | _d350375 | ||
| 999 | _d350374 | ||
| 999 | _d350372 | ||
| 999 | _d350368 | ||
| 999 | _d350366 | ||
| 999 | _d350365 | ||
| 999 | _d350362 | ||
| 999 | _d350360 | ||
| 999 | _d350358 | ||
| 999 | _d350354 | ||
| 999 | _d350352 | ||
| 999 | _d350348 | ||
| 999 | _d350346 | ||
| 999 | _d350342 | ||